Core Java 2

Sparad:
Bibliografiska uppgifter
Huvudupphovsman: Horstmann, Cay S.
Materialtyp: Bok
Språk:Undetermined
Publicerad: Upper Saddle River, NJ Sun Microsystems Press 2001
Ämnen:
Taggar: Lägg till en tagg
Inga taggar, Lägg till första taggen!
Thư viện lưu trữ: Trung tâm Học liệu Trường Đại học Cần Thơ
LEADER 00566nam a2200181Ia 4500
001 CTU_184112
008 210402s9999 xx 000 0 und d
082 |a 005.133 
082 |b H819/Vol.2 
100 |a Horstmann, Cay S. 
245 0 |a Core Java 2 
245 0 |c Cay S. Horstmann, Gary Cornell 
260 |a Upper Saddle River, NJ 
260 |b Sun Microsystems Press 
260 |c 2001 
650 |a Java (Computer program language),Java (Ngôn ngữ lập trình máy tính) 
904 |i Năm 
980 |a Trung tâm Học liệu Trường Đại học Cần Thơ